000
00262nam a2200097 a 4500
005
20200930055142.0
008
110412s1995 000 spa d
245
0
_a
Presente y futuro de los bosques dominicanos.
260
_a
Santo Domingo,
_c
1995.
999
_c
28303
_d
28303
040
_a
DO-SdBNP